| 000 | 00871nas a2200289 4500 | ||
|---|---|---|---|
| 001 | BR0303031 | ||
| 003 | BR-BrBNA | ||
| 005 | 20231205103901.0 | ||
| 007 | ta | ||
| 008 | 230509b bl.|||p| |||| 00| 00por d | ||
| 040 |
_aBR-BrBNA _bpor _cBiblioteca Nacional de Agricultura |
||
| 041 | _a(Pt) | ||
| 072 | _aH10 | ||
| 100 | 1 | _aBernardo, E.R. de A. | |
| 100 | 1 | _aRocha, V. de F. | |
| 100 | 1 | _aPuga, O. | |
| 100 | 1 | _aSilva, R.A. da | |
| 245 | 1 | _aEspécies de cigarrinhas-das-pastagens (Hemiptera: Cercopidae)no meio norte do Mato Grosso | |
| 650 | _aCIGARRINHA DAS PASTAGENS | ||
| 650 | _aPRAGA DE PLANTA | ||
| 650 | _aPASTAGEM | ||
| 650 | _aIDENTIFICAÇÃO | ||
| 650 | _aMATO GROSSO | ||
| 773 | 0 |
_tCiência Rural (Brazil) _xISSN 0103-8478 _g(Mar-Apr 2003), v. 33(2) p. 369-371 _wBR0303031 |
|
| 909 |
_a202311 _bLúcia _c55 _dLúcia Elande |
||
| 942 |
_2AGRIS _n0 _cANA |
||
| 999 |
_c175251 _d175251 |
||